[Event "IECG CE.2003.0.00058 email"]
[Site "IECG email"]
[Date "2003.09.03"]
[Round "?"]
[White "Bennett, Scott"]
[Black "Davies, Stephen"]
[Result "1-0"]
[WhiteElo "1385"]
[BlackElo "1383"]
[PlyCount "63"]
[EventDate "2003.09.03"]
[EventType "tourn (corr)"]
[EventRounds "6"]
[SourceTitle "Corr 2008"]
[Source "ChessBase"]
[SourceDate "2008.06.24"]
[SourceVersion "1"]
[SourceVersionDate "2008.06.24"]
[SourceQuality "1"]

1. c4 Nf6 2. Nc3 e5 3. e3 d5 4. cxd5 Nxd5 5. Bc4 Be6 6. Qb3 Nb6 7. Bxe6 fxe6 8. Nf3 Nc6 9. Qxe6+ Qe7 10. Qg4 g6 11. 0-0 Bg7 12. Ng5 0-0 13. Qe6+ Qxe6 14. Nxe6 Rf7 15. b3 Nb4 16. f3 Nd3 17. a4 Re8 18. Ng5 Rd7 19. Ba3 Nd5 20. Nxd5 Rxd5 21. Ne4 a5 22. Rfb1 b6 23. b4 axb4 24. Bxb4 Nxb4 25. Rxb4 h6 26. Rc1 Re7 27. Rc6 Kf7 28. Rbc4 Rdd7 29. h4 h5 30. Kf1 Bh6 31. Rf6+ Kg7 32. Rcc6 1-0

[Event "IECG CE.2003.0.00058 email"]
[Site "IECG email"]
[Date "2003.09.03"]
[Round "?"]
[White "Mori, Roberto"]
[Black "Bennett, Scott"]
[Result "0-1"]
[WhiteElo "1204"]
[BlackElo "1385"]
[PlyCount "68"]
[EventDate "2003.09.03"]
[EventType "tourn (corr)"]
[EventRounds "6"]
[SourceTitle "Corr 2008"]
[Source "ChessBase"]
[SourceDate "2008.06.24"]
[SourceVersion "1"]
[SourceVersionDate "2008.06.24"]
[SourceQuality "1"]

1. e4 c5 2. Nf3 d6 3. d4 cxd4 4. Nxd4 e5 5. Bb5+ Nd7 6. Nf5 a6 7. Ba4 b5 8. Bb3 Ndf6 9. Ne3 Bb7 10. f3 Ne7 11. c4 d5 12. cxd5 Nc8 13. Nc3 Bc5 14. Nf5 g6 15. Nh6 Nd7 16. f4 Qh4+ 17. g3 Qxh6 18. fxe5 Qg7 19. e6 fxe6 20. dxe6 Ne5 21. Bf4 Nb6 22. Rf1 Rd8 23. Nd5 Bxd5 24. exd5 Nec4 25. Bxc4 Nxc4 26. b3 Qc3+ 27. Ke2 Ne3 28. Qc1 Nc2 29. Bd2 Nd4+ 30. Kd1 Qd3 31. Rf2 Rf8 32. Qc3 Qe4 33. Rf4 Qe2+ 34. Kc1 Ba3+ 0-1